Rural transport and traction enterprises for improved livelihoods / (Record no. 12222)

000 -LEADER
fixed length control field 01325cam a2200253Ia 4500
020 ## - INTERNATIONAL STANDARD BOOK NUMBER
ISBN 9789251061381
020 ## - INTERNATIONAL STANDARD BOOK NUMBER
ISBN 9251061386
040 ## - CATALOGING SOURCE
Transcribing agency BTCTA
082 ## - DEWEY DECIMAL CLASSIFICATION NUMBER
Classification number 388 RUR 2009 A019 Or.
100 1# - MAIN ENTRY--AUTHOR NAME
Personal name Crossley, Peter
245 10 - TITLE STATEMENT
Title Rural transport and traction enterprises for improved livelihoods /
246 3# - VARYING FORM OF TITLE
Title proper/short title Rural transport & traction enterprises for improved livelihoods
260 ## - PUBLICATION, DISTRIBUTION, ETC. (IMPRINT)
Place of publication Rome :
Name of publisher Rural Infrastructure and Agro-Industries Division, Food and Agriculture Organization of the United Nations,
Year of publication 2009
300 ## - PHYSICAL DESCRIPTION
Number of Pages vii, 92 p. :
Other physical details ill. ;
Dimensions 21 cm
520 ## - SUMMARY, ETC.
Summary, etc This booklet focuses on promoting transport and traction services as viable diversification enterprises for smallholder farmers and other in rural areas. It considers the benefits that can arise from such enterprises, not only for smallholders themselves, but also to local communities in overall terms through increased productivity, improved and faster marketing, better mobility and reduced drudgery.--Publisher's description
650 #0 - SUBJECT ADDED ENTRY--TOPICAL TERM
Topical Term Rural transportation
650 #0 - SUBJECT ADDED ENTRY--TOPICAL TERM
Topical Term Animal traction
650 #0 - SUBJECT ADDED ENTRY--TOPICAL TERM
Topical Term Infrastructure (Economics)
700 1# - ADDED ENTRY--PERSONAL NAME
Personal name Chamen, Tim
700 1# - ADDED ENTRY--PERSONAL NAME
Personal name Kienzle, Josef
710 2# - ADDED ENTRY--CORPORATE NAME
Corporate name or jurisdiction name as entry element Food and Agriculture Organization of the United Nations.
856 11 - ELECTRONIC LOCATION AND ACCESS
Uniform Resource Identifier ftp://ftp.fao.org/docrep/fao/011/i0525e/i0525e.pdf
942 ## - ADDED ENTRY ELEMENTS (KOHA)
Koha item type សៀវភៅភាសាអង់គ្លេស

No items available.

មជ្ឈមណ្ឌលឯការនៃសាកលវិទ្យាល័យភូមិន្ទកសិកម្មចំការដូង

Powered by Koha